[Event "Harrogate 4NCL op-A 29th"]
[Site "Harrogate"]
[Date "2023.01.22"]
[Round "5"]
[White "Furness, Robert M"]
[Black "Garnett, John S"]
[Result "1/2-1/2"]
[WhiteElo "2056"]
[BlackElo "1831"]
[PlyCount "103"]
[EventDate "2023.01.20"]
[EventType "swiss"]
[EventRounds "5"]
[EventCountry "ENG"]
[SourceTitle "CBM 212 Extra"]
[Source "ChessBase"]
[SourceDate "2023.03.31"]
[SourceVersion "1"]
[SourceVersionDate "2023.03.31"]
[SourceQuality "1"]

1. c4 e5 2. Nc3 Nc6 3. Nf3 g6 4. d4 exd4 5. Nxd4 Bg7 6. Nxc6 bxc6 7. g3 Rb8 8. Bg2 Ne7 9. 0-0 0-0 10. Qa4 a6 11. Qa3 d6 12. Bf4 Be6 13. c5 dxc5 14. Rfd1 Qc8 15. Qxc5 Nd5 16. Nxd5 cxd5 17. Qxc7 Qxc7 18. Bxc7 Rxb2 19. Rab1 Rxa2 20. Bxd5 Bxd5 21. Rxd5 Rxe2 22. Rbd1 h5 23. Kg2 Bf6 24. Bf4 Ra8 25. Bd2 Ree8 26. Ba5 Re5 27. Bc7 Rxd5 28. Rxd5 Bc3 29. Ba5 Bxa5 30. Rxa5 Kf8 31. Kf3 Ke7 32. g4 hxg4+ 33. Kxg4 Kd6 34. Kg5 Kc6 35. f4 Kb6 36. Re5 a5 37. f5 a4 38. fxg6 fxg6 39. Kxg6 a3 40. Re1 Rh8 41. Re2 Kc5 42. Kg5 Ra8 43. Re1 Kb4 44. h4 Kb3 45. h5 Rc8 46. h6 a2 47. h7 Kb2 48. Kg6 a1Q 49. Rxa1 Kxa1 50. Kg7 Kb2 51. h8Q Rxh8 52. Kxh8 1/2-1/2

[Event "Harrogate 4NCL op-A 29th"]
[Site "Harrogate"]
[Date "2023.01.22"]
[Round "4"]
[White "Kryshtafor, Maksym"]
[Black "Furness, Robert M"]
[Result "1-0"]
[WhiteElo "1342"]
[BlackElo "2056"]
[PlyCount "73"]
[EventDate "2023.01.20"]
[EventType "swiss"]
[EventRounds "5"]
[EventCountry "ENG"]
[SourceTitle "CBM 212 Extra"]
[Source "ChessBase"]
[SourceDate "2023.03.31"]
[SourceVersion "1"]
[SourceVersionDate "2023.03.31"]
[SourceQuality "1"]

1. e4 d6 2. d4 Nf6 3. Nc3 Nbd7 4. Nf3 e5 5. Bc4 Be7 6. Ng5 0-0 7. Be3 c6 8. h3 b5 9. Bd3 h6 10. Nf3 b4 11. Ne2 a5 12. g4 d5 13. dxe5 Nxe4 14. h4 Ndc5 15. Rg1 a4 16. h5 Ne6 17. Ng3 Nxg3 18. Rxg3 c5 19. Qd2 c4 20. Bf5 c3 21. bxc3 bxc3 22. Qc1 Ng5 23. Nxg5 hxg5 24. Bd4 Re8 25. Qe3 Be6 26. Rh3 Qc8 27. Qd3 Bc5 28. Bxe6 Rxe6 29. Bxc3 Qc7 30. Qxd5 Rd8 31. Qe4 Rde8 32. Kf1 f6 33. Rd1 fxe5 34. Rb1 Qf7 35. Rf3 Rf6 36. Rxf6 Qxf6 37. Qd5+ 1-0

[Event "BCF-chT3N 1920 (4NCL)"]
[Site "England"]
[Date "2020.01.11"]
[Round "3.74"]
[White "Miah, Zahed"]
[Black "Furness, Robert M"]
[Result "0-1"]
[WhiteElo "1816"]
[BlackElo "1997"]
[PlyCount "68"]
[EventDate "2019.11.09"]
[EventType "team-swiss"]
[EventRounds "11"]
[EventCountry "ENG"]
[SourceTitle "EXT 2022"]
[Source "ChessBase"]
[SourceDate "2021.10.06"]
[SourceVersion "1"]
[SourceVersionDate "2021.10.06"]
[SourceQuality "1"]
[WhiteTeam "Manx Liberty II"]
[BlackTeam "Manchester Manticores II"]
[WhiteTeamCountry "ENG"]
[BlackTeamCountry "ENG"]

1. d4 d5 2. Nf3 Nc6 3. Bf4 Bg4 4. e3 Qd7 5. c4 e6 6. Nc3 Nf6 7. Be2 a6 8. Ne5 Nxe5 9. Bxe5 Bxe2 10. Qxe2 Be7 11. 0-0 0-0 12. Rac1 dxc4 13. Qxc4 c6 14. Rfd1 Rad8 15. Qe2 Ne8 16. e4 Bg5 17. f4 Bh6 18. d5 Nd6 19. dxc6 Qxc6 20. Nd5 Qb5 21. Nf6+ Kh8 22. Qg4 Nc4 23. Bc3 Qb6+ 24. Kh1 Rxd1+ 25. Qxd1 Rd8 26. Qh5 Qe3 27. Rf1 Nd2 28. Ng4 Qe2 29. Rg1 Nxe4 30. Qh4 Rd1 31. h3 Bxf4 32. Rxd1 Qxd1+ 33. Be1 Ng3+ 34. Kh2 Qxe1 0-1

[Event "BCF-chT3N 1819 (4NCL)"]
[Site "England"]
[Date "2019.05.04"]
[Round "9.23"]
[White "Furness, Robert M"]
[Black "Higgie, Charles L"]
[Result "1-0"]
[WhiteElo "2057"]
[BlackElo "2005"]
[PlyCount "69"]
[EventDate "2018.11.10"]
[EventType "team-swiss"]
[EventRounds "11"]
[EventCountry "ENG"]
[SourceTitle "EXT 2021"]
[Source "ChessBase"]
[SourceDate "2020.10.23"]
[SourceVersion "1"]
[SourceVersionDate "2020.10.23"]
[SourceQuality "1"]
[WhiteTeam "Manchester Manticores II"]
[BlackTeam "Shropshire"]
[WhiteTeamCountry "ENG"]
[BlackTeamCountry "ENG"]

1. c4 e5 2. Nc3 c5 3. g3 Nc6 4. Bg2 g6 5. a3 Bg7 6. Rb1 d6 7. b4 cxb4 8. axb4 Be6 9. d3 Qd7 10. e3 Nf6 11. h3 0-0 12. Nf3 h6 13. Qc2 a5 14. bxa5 Rxa5 15. Bd2 Ra7 16. g4 Rfa8 17. 0-0 d5 18. c5 d4 19. exd4 exd4 20. Nb5 Ra2 21. Qc1 g5 22. Nd6 R8a7 23. Re1 Nd5 24. Ne4 R7a3 25. Nd6 Nd8 26. Ne5 Bxe5 27. Rxe5 Rxd3 28. Bxg5 Rc3 29. Qe1 hxg5 30. Rxg5+ Kf8 31. Rxd5 Bxd5 32. Bxd5 Rxh3 33. Qe4 Rh4 34. Nf5 Rh7 35. Bxa2 1-0

[Event "Nottingham 4NCL op 20th"]
[Site "Nottingham"]
[Date "2018.09.28"]
[Round "1"]
[White "Furness, Robert M"]
[Black "Ross, Stuart"]
[Result "1-0"]
[WhiteElo "2042"]
[BlackElo "1608"]
[PlyCount "71"]
[EventDate "2018.09.28"]
[EventType "swiss"]
[EventRounds "5"]
[EventCountry "ENG"]
[SourceTitle "CBM 186 Extra"]
[Source "ChessBase"]
[SourceDate "2018.08.24"]
[SourceVersion "1"]
[SourceVersionDate "2018.08.24"]
[SourceQuality "1"]

1. c4 Nf6 2. Nc3 e6 3. e4 d5 4. e5 d4 5. exf6 dxc3 6. bxc3 Qxf6 7. d4 b6 8. Nf3 Bb7 9. Be2 h6 10. 0-0 Nd7 11. Qa4 c6 12. c5 bxc5 13. Rb1 Nb6 14. Qa5 Qf5 15. Ba3 cxd4 16. Qxf5 exf5 17. Bxf8 Rxf8 18. Nxd4 g6 19. Bf3 Kd7 20. Nb5 cxb5 21. Bxb7 Rad8 22. Rxb5 Kc7 23. Bf3 Rd2 24. Ra5 Nc8 25. Rb1 Rc2 26. Rc5+ Kd6 27. Rc6+ Ke7 28. Re1+ Kd7 29. h3 Rxa2 30. Rb1 Nb6 31. Rd1+ Ke7 32. c4 Rc8 33. c5 Rxc6 34. Bxc6 Nc4 35. Bd5 Rd2 36. Re1+ 1-0

[Event "Frodsham op"]
[Site "Frodsham"]
[Date "2018.02.03"]
[Round "2"]
[White "Furness, Robert M"]
[Black "Vassiliou, Chris"]
[Result "1-0"]
[WhiteElo "2036"]
[BlackElo "1876"]
[PlyCount "64"]
[EventDate "2018.02.02"]
[EventType "swiss"]
[EventRounds "5"]
[EventCountry "ENG"]
[SourceTitle "CBM 182 Extra"]
[Source "ChessBase"]
[SourceDate "2018.02.23"]
[SourceVersion "1"]
[SourceVersionDate "2018.02.23"]
[SourceQuality "1"]

1. c4 f5 2. e4 fxe4 3. d3 Nf6 4. dxe4 e5 5. Nc3 Bc5 6. Bg5 d6 7. Qd2 Nc6 8. Bd3 Be6 9. Nge2 0-0 10. f3 Qd7 11. 0-0-0 Nd4 12. h4 a5 13. h5 c6 14. h6 g6 15. Kb1 a4 16. Nxd4 Bxd4 17. Be3 Bxe3 18. Qxe3 Qf7 19. a3 Rfe8 20. Be2 Qc7 21. Rd2 Red8 22. Rhd1 Rd7 23. Qg5 Rf8 24. g3 b5 25. cxb5 cxb5 26. Bxb5 Rfd8 27. Qe3 Bb3 28. Rc1 Qa5 29. Qe2 Kh8 30. f4 Nh5 31. f5 Rf7 32. fxg6 hxg6 1-0